<?xml version="1.0" encoding="UTF-8"?><?xml-stylesheet type="text/xsl" href="static/style.xsl"?><OAI-PMH xmlns="http://www.openarchives.org/OAI/2.0/" xmlns:xsi="http://www.w3.org/2001/XMLSchema-instance" xsi:schemaLocation="http://www.openarchives.org/OAI/2.0/ http://www.openarchives.org/OAI/2.0/OAI-PMH.xsd"><responseDate>2026-04-17T14:28:13Z</responseDate><request verb="GetRecord" identifier="oai:www.recercat.cat:2445/179122" metadataPrefix="marc">https://recercat.cat/oai/request</request><GetRecord><record><header><identifier>oai:recercat.cat:2445/179122</identifier><datestamp>2025-12-05T05:31:40Z</datestamp><setSpec>com_2072_1057</setSpec><setSpec>col_2072_478857</setSpec><setSpec>col_2072_478917</setSpec></header><metadata><record xmlns="http://www.loc.gov/MARC21/slim" xmlns:dcterms="http://purl.org/dc/terms/" xmlns:xsi="http://www.w3.org/2001/XMLSchema-instance" xmlns:doc="http://www.lyncode.com/xoai" xsi:schemaLocation="http://www.loc.gov/MARC21/slim http://www.loc.gov/standards/marcxml/schema/MARC21slim.xsd">
   <leader>00925njm 22002777a 4500</leader>
   <datafield ind2=" " ind1=" " tag="042">
      <subfield code="a">dc</subfield>
   </datafield>
   <datafield ind2=" " ind1=" " tag="720">
      <subfield code="a">Pastor Pérez, Ana</subfield>
      <subfield code="e">author</subfield>
   </datafield>
   <datafield ind2=" " ind1=" " tag="720">
      <subfield code="a">Ruiz Martínez, Apen</subfield>
      <subfield code="e">author</subfield>
   </datafield>
   <datafield ind2=" " ind1=" " tag="260">
      <subfield code="c">2021-07-16T14:15:30Z</subfield>
   </datafield>
   <datafield ind2=" " ind1=" " tag="260">
      <subfield code="c">2021-07-16T14:15:30Z</subfield>
   </datafield>
   <datafield ind2=" " ind1=" " tag="260">
      <subfield code="c">2016-07-14</subfield>
   </datafield>
   <datafield ind2=" " ind1=" " tag="260">
      <subfield code="c">2021-07-16T14:15:30Z</subfield>
   </datafield>
   <datafield ind2=" " ind1=" " tag="520">
      <subfield code="a">Las calles del barrio Gòtic de Barcelona poseen un carácter bullicioso. Allí los miles de turistas se mezclan con algunos funcionarios, prelados, comerciantes, paseantes y, en menor medida, vecinos. Recientemente el investigador Agustín Cócola Gant dio a conocer al gran público su 'imagen de marca' o 'invento' a través de una cuidada publicación, acompañada de otros estudios sobre la turistificación del mismo (CÓCOLA GANT, 2011; 2014). En el corazón de la Ciutat Vella de Barcelona, este lugar se acota entre espacios icónicos como la plaza Cataluña, el paseo Colón, la vía Layetana y las literarias Ramblas -una autopista de peatones que circulan en ambos sentidos, a cualquier hora del día y la noche-. Uno de los barrios con más 'pisos turísticos' de toda la ciudad -legales e ilegales-, donde los alquileres desaparecieron dejando paso a situaciones más lucrativas para sus dueños, como Airbnb. Es en este caldo de cultivo donde han nacido una serie de movimientos, que basándose en el activismo y la participación ciudadana buscan, a veces sin mencionarlo explícitamente, recuperar el patrimonio cultural que queda fuera del discurso autorizado: la calle, las plazas, los espacios relacionales públicos..., lo cotidiano.</subfield>
   </datafield>
   <datafield tag="653" ind2=" " ind1=" ">
      <subfield code="a">Patrimoni cultural</subfield>
   </datafield>
   <datafield tag="653" ind2=" " ind1=" ">
      <subfield code="a">Participació ciutadana</subfield>
   </datafield>
   <datafield tag="653" ind2=" " ind1=" ">
      <subfield code="a">Barri Gòtic (Barcelona, Catalunya)</subfield>
   </datafield>
   <datafield tag="653" ind2=" " ind1=" ">
      <subfield code="a">Cultural heritage</subfield>
   </datafield>
   <datafield tag="653" ind2=" " ind1=" ">
      <subfield code="a">Citizen participation</subfield>
   </datafield>
   <datafield tag="653" ind2=" " ind1=" ">
      <subfield code="a">Barri Gòtic (Barcelona, Catalonia)</subfield>
   </datafield>
   <datafield ind2="0" ind1="0" tag="245">
      <subfield code="a">La participación como tarea de lo cotidiano: el barrio Gòtic de Barcelona</subfield>
   </datafield>
</record></metadata></record></GetRecord></OAI-PMH>